000 00330nam a2200133Ia 4500
008 130318s9999 xx 000 0 und d
020 _a8176494232
082 _a541.28 MCQ/Q
100 _aMcQuarrie, Donald A
245 _aQuantum Chemistry
260 _bViva Books
_aNew Delhi
_c2003
300 _a517
650 _aQUANTUM CHEMISTRY
999 _c1420
_d1420